| 000 | 00437nam a22001697a 4500 | ||
|---|---|---|---|
| 003 | NUST - PNEC | ||
| 005 | 20170116181011.0 | ||
| 008 | 150913b xxu||||| |||| 00| 0 eng d | ||
| 020 | _a0078821061 | ||
| 040 | _cLIBRARY | ||
| 082 | _a005.7565 VEL | ||
| 100 |
_910181 _aVelpuri, Rama |
||
| 245 |
_aOracle backup & recovery handbook _c Rama Velpuri |
||
| 260 | _cc.1995 | ||
| 650 |
_910183 _aRelational databases _xMIS |
||
| 942 |
_2ddc _cBK |
||
| 999 |
_c67098 _d67098 |
||